Kafr 'Ana : a rural Settlement in the Lod Valley /

محفوظ في:

المؤلف الرئيسي: Gophna, R. (مؤلف)

مؤلف مشترك: Makhon le-arkheʼologyah ʻa. sh. Sonyah u-Marḳo Nadler.

مؤلفون آخرون: Feldstein, Amir., Taxel, Itamar., Yehuda, Lisa.

التنسيق: كتاب

اللغة: English

سلاسل: Salvage excavation reports ; number 4.

الموضوعات:

الوسوم: إضافة وسم

لا توجد وسوم, كن أول من يضع وسما على هذه التسجيلة!

رقم الطلب: DS111 .A1 S25 v.4

LEADER 01228nam a22003377a 4500
003 OSt
005 20260209085603.0
008 260209t2007 is abe g b 000 0 eng d
022 |2 1565-5407 
040 |c ARCE Library 
043 |a a-is--- 
050 1 4 |a DS111 .A1  |b S25 v.4 
100 1 |a Gophna, R.  |q (Ram),  |e author.  |9 30934 
245 0 0 |a Kafr 'Ana :  |b a rural Settlement in the Lod Valley /  |c by Ram Gophna, Lisa Yehuda, Amir Feldstein, Itamar Taxel, Universiṭat Tel-Aviv. 
264 1 |a Tel Aviv :  |b Emery and Claire Yass Publications in Archaeology,  |c 2007. 
300 |a 154 pages :  |b illustrations, maps, plans ;  |c 28 cm.  
336 |a text  |b txt  |2 rdacontent 
337 |a unmediated  |b n  |2 rdamedia 
338 |a volume  |b nc  |2 rdacarrier 
490 1 |a Salvage excavation reports ;  |v number 4 
504 |a Includes bibliographical references.  
650 0 |a Archaeology  |z Israel.  
651 0 |a Israel  |x Antiquities 
700 1 |a Feldstein, Amir.   |9 29939 
700 1 |a Taxel, Itamar.   |9 40921 
700 1 |a Yehuda, Lisa.  
710 1 |a Makhon le-arkheʼologyah ʻa. sh. Sonyah u-Marḳo Nadler. 
740 0 |a Khirbet al-Khurrumiya.  
830 0 |a Salvage excavation reports ;  |v number 4. 
942 |c BK  |2 lcc 
999 |c 29734  |d 29734